Historia de la sexualidad

Guardat en:
Dades bibliogràfiques
Autor principal: Foucault, Michel (Autor)
Format: Llibre
Idioma:espanyol
Publicat: Madrid Siglo Veintiuno 1996
Edició:23a. ed
Matèries:
Etiquetes: Afegir etiqueta
Sense etiquetes, Sigues el primer a etiquetar aquest registre!

MARC

LEADER 00000nam a2200000 a 4500
001 UCT0932
003 CL-VaPUC
008 960913e19960000SP |||||||||||||||||spa|d
082 0 4 |a 155.32  |b FOU  |2 21 
100 |a Foucault, Michel  |e author  |9 257945 
245 1 0 |a Historia de la sexualidad 
250 |a 23a. ed 
300 |a v 
942 |c BK 
945 |d 19960913 00:00:00  |a nastorga 
260 |a Madrid  |b Siglo Veintiuno   |c 1996 
500 |a v.1: La voluntad de saber 
500 |a v.2: El uso de los placeres 
500 |a v.3: La inquietud de sí 
650 0 |a Psicología   |9 257863 
650 0 |a Sexualidad  |9 358183 
650 0 |a Sexo  |9 257818 
650 7 |a REPRESION  |2 CL-VaPUC  |9 358182 
650 0 |a Angustia  |9 266245 
650 0 |a Moral  |9 265913 
650 7 |a PLACERES  |2 CL-VaPUC  |9 369540 
650 7 |a EROTISMO  |2 CL-VaPUC  |9 313188 
650 0 |a Amor  |9 257817 
650 7 |a MATRIMONIO  |2 CL-VaPUC  |9 369541 
650 0 |a Mujeres  |9 257649 
650 0 |a Adolescencia  |9 307361 
583 |a last modification  |c 19960913 00:00:00  |k Rodrigo Vera 
999 |c 251615  |d 251613 
952 |0 0  |1 4  |4 0  |6 155_320000000000000_FOU_1996  |7 0  |8 A  |9 270902  |a FDOPOS  |b BIBEDU  |d 2019-11-19  |h v.2  |i 3231275  |l 1  |m 1  |o 155.32 FOU 1996  |p 3231275  |r 2023-07-12  |s 2023-07-12  |w 2019-11-19  |y BK  |k MLH 
952 |0 0  |1 4  |4 0  |6 155_320000000000000_FOU_1996  |7 0  |8 A  |9 270903  |a FDOPOS  |b BIBEDU  |d 2019-11-19  |h v.3  |i 3231283  |l 1  |m 1  |o 155.32 FOU 1996  |p 3231283  |r 2023-07-12  |s 2023-07-12  |w 2019-11-19  |y BK  |k MLH